| 000 | 00369nam a2200145 a 4500 | ||
|---|---|---|---|
| 001 | 1057 | ||
| 003 | CDMR | ||
| 005 | 20130116135200.0 | ||
| 008 | 130130s ||||||||||||||||||||||||||||d | ||
| 040 |
_aCDMR _bcat _cCDMR |
||
| 100 | 1 |
_aCarbonell, Francesc _9211 |
|
| 245 | 1 | 3 | _aEl primer congreso panamericano de periodistas |
| 260 |
_aBarcelona _bTip. La Academia |
||
| 942 | _cMON | ||
| 999 |
_c1057 _d1057 |
||